Blackpink ou babymonster - Statistiques

Statistiques générales
  • Ce quiz a été pris 431 fois
  • Le résultat moyen est 12 sur 15
Statistiques - réponses
Question Réponse % Correct
Elles ont débutés en 2016 Blackpink
96%
Elles sont sept Babymonster
94%
Leur lightstick est en forme de marteau Blackpink
94%
Elles sont incroyables Les deux
94%
Elles ont fait une pause pour développer leur carrière solo Blackpink
93%
Leur fandom s'appelle stay Aucune
89%
Elles sont dirigées par YG entertenmaint Les deux
89%
Toutes les membres sont coréennes Aucune
88%
Elles ou une de leur membres ont sorti la chanson stay Blackpink
74%
Il y a une membre chinoise Aucune
71%
Leur maknae est thailandaise Les deux
63%
Leur unnie est la membre la plus ignorée du groupe Blackpink
62%
Elles ont fait un nouveau comeback en 2025. Les deux
62%
Elles ont une leader Aucune
55%
Elles ou une de leur membres ont sorti la chanson dream Les deux
29%
Aucun quiz correspondant
Distribution des résultats
% des personnes avec chaque résultat
Percentile par nombre de réponses
Votre historique - résultats
Vous n’avez pas pris ce quiz